00302nam a2200121Ia 4500008004100000100003400041245003400075260002400109300000900133650001400142942000700156999001700163190216s9999||||xx |||||||||||||| ||und|| aKeralaverma Valiakoithampuran 0aMayurasandesam-Keralahridayam bNational Book Stall a176p aKavithkal cBK c24070d24070